00542nam a22001817a 450000500170000001000150001702000260003203500130005803500170007103700130008803700170010108200080011810000150012624500880014126000310022927000790026030000210033920140813120543.0 aENG-107575 a9780415831383c495.00 aEN-91108 aB-538680-686 bDBAD/PUB bKKP/Venadpl a901 aMani, Lata aThe integral nature of things :cby Lata Manibcritical reflection on the present / aNew DelhibRoutledgec2013 a912, Tolstoy House, 15-17 Tolstoy Marg, Connaught PlacebNew Delhie110001 a240p.c23cm(pbk)